| 000 | 00000nam##2200000za#4500 |
| 001 | 9.603050 |
| 003 | CaOODSP |
| 005 | 20220107122634 |
| 007 | cr ||||||||||| |
| 008 | 150406|1990||||xxc|||||o f|0| 0 fre|d |
| 040 | |aCaOODSP|bfre |
| 043 | |an-cn--- |
| 086 | 1 |aH71-2/1-8-1990F-PDF |
| 110 | 2 |aConseil consultatif national sur le troisième âge (Canada) |
| 245 | 10|aS'accommoder des pertes sensorielles : |h[ressource électronique]|brecueil de textes portant sur la vue, le goût et l'odorat, l'ouïe et le toucher au regard du vieillissement |
| 260 | |aOttawa - Ontario : |bSanté Canada. |cMars 1990. |
| 300 | |a86p.|bfigure, références, tableaux |
| 490 | 1 |aÉcrits en gérontologie|v8 |
| 500 | |aSommaire: S'accommoder des pertes sensorielles : la vue / par Kathleen Naeyaert ; S'accommoder des pertes sensorielles : le goût et l'odorat / par Magdalena Krondl ; S'accommoder des pertes sensorielles : l'ouïe / par Simon Lai ; S'accommoder des pertes sensorielles : le toucher / par Diane Saulnier. |
| 500 | |aLe n° de catalogue (H71-2/1-8-1990F) et l'ISBN (0-662-96010-6) de l'édition imprimée ont été incorrectement copiés dans cette édition électronique. |
| 590 | |a12-12-Supp|b2012-03-28 |
| 775 | 08|tLiving with sensory loss : |w(CaOODSP)9.566115 |
| 830 | #0|aÉcrits en gérontologie ;|v8|w(CaOODSP)9.500886 |
| 856 | 40|ahttp://publications.gc.ca|qPDF|s164 Ko|uhttps://publications.gc.ca/collections/Collection/H71-2-1-8-1990F.pdf|y8 |